MyGZULibrary

Long walk to freedom / (Record no. 819)

MARC details
000 -LEADER
fixed length control field 02027cam a2200445 i 4500
001 - CONTROL NUMBER
control field 18852668
003 - CONTROL NUMBER IDENTIFIER
control field GZU
005 - DATE AND TIME OF LATEST TRANSACTION
control field 20200914160856.0
008 - FIXED-LENGTH DATA ELEMENTS--GENERAL INFORMATION
fixed length control field 151110t20142009enka j 000 0aeng
010 ## - LIBRARY OF CONGRESS CONTROL NUMBER
LC control number 2015494506
020 ## - INTERNATIONAL STANDARD BOOK NUMBER
International Standard Book Number 9781447275541
040 ## - CATALOGING SOURCE
Original cataloging agency DLC
Transcribing agency DLC
042 ## - AUTHENTICATION CODE
Authentication code pcc
043 ## - GEOGRAPHIC AREA CODE
Geographic area code f-sa---
050 00 - LIBRARY OF CONGRESS CALL NUMBER
Classification number DT1949.M35
Item number A3 2014
100 1# - MAIN ENTRY--PERSONAL NAME
Personal name Mandela, Nelson,
Dates associated with a name 1918-2013,
Relator term author.
245 10 - TITLE STATEMENT
Title Long walk to freedom /
Statement of responsibility, etc. Nelson Mandela ; abridged by Chris van Wyk ; illustrated by Paddy Bouma.
246 30 - VARYING FORM OF TITLE
Title proper/short title Nelson Mandela long walk to freedom
250 ## - EDITION STATEMENT
Edition statement Picture-book edition.
264 #1 - PRODUCTION, PUBLICATION, DISTRIBUTION, MANUFACTURE, AND COPYRIGHT NOTICE
Place of production, publication, distribution, manufacture London :
Name of producer, publisher, distributor, manufacturer Macmillan Children's Books,
Date of production, publication, distribution, manufacture, or copyright notice 2014.
264 #4 - PRODUCTION, PUBLICATION, DISTRIBUTION, MANUFACTURE, AND COPYRIGHT NOTICE
Date of production, publication, distribution, manufacture, or copyright notice ©2009
300 ## - PHYSICAL DESCRIPTION
Extent 1 volume (unpaged) :
Other physical details illustrations (mostly color) ;
Dimensions 22 x 28 cm
336 ## - CONTENT TYPE
Content type term text
Source rdacontent
336 ## - CONTENT TYPE
Content type term still image
Source rdacontent
337 ## - MEDIA TYPE
Media type term unmediated
Source rdamedia
338 ## - CARRIER TYPE
Carrier type term volume
Source rdacarrier
500 ## - GENERAL NOTE
General note This abridged edition first published: 2009.
500 ## - GENERAL NOTE
General note "Abridged from the book Long walk to freedom by Nelson Mandela, first published 1995."--Colophon.
500 ## - GENERAL NOTE
General note With a special foreword from his close friend, Archbishop Desmond Tutu.
520 ## - SUMMARY, ETC.
Summary, etc. "Let freedom reign" Read the amazing story of a true hero of our times and discover how a little boy whose father called him "troublemaker" grew up to fight apartheid, became South Africa's first black president and campaign for freedom and justice throughout the world.
600 10 - SUBJECT ADDED ENTRY--PERSONAL NAME
Personal name Mandela, Nelson,
Dates associated with a name 1918-2013
Form subdivision Juvenile literature.
650 #0 - SUBJECT ADDED ENTRY--TOPICAL TERM
Topical term or geographic name entry element Presidents
Geographic subdivision South Africa
Form subdivision Biography
-- Juvenile literature.
651 #0 - SUBJECT ADDED ENTRY--GEOGRAPHIC NAME
Geographic name South Africa
General subdivision Politics and government
Chronological subdivision 20th century
Form subdivision Juvenile literature.
700 1# - ADDED ENTRY--PERSONAL NAME
Personal name Van Wyk, Chris,
Relator term abridger.
700 1# - ADDED ENTRY--PERSONAL NAME
Personal name Bouma, Paddy,
Relator term illustrator.
700 1# - ADDED ENTRY--PERSONAL NAME
Personal name Mandela, Nelson,
Dates associated with a name 1918-2013.
Title of a work Long walk to freedom.
Relationship information Abridgement of (work):
906 ## - LOCAL DATA ELEMENT F, LDF (RLIN)
a 7
b cbc
c origres
d 3
e ncip
f 20
g y-gencatlg
942 ## - ADDED ENTRY ELEMENTS (KOHA)
Source of classification or shelving scheme Library of Congress Classification
Koha item type Books
Classification part 1949
Item part MAN
Call number prefix 1995
Holdings
Withdrawn status Lost status Damaged status Not for loan Collection code Home library Current library Shelving location Date acquired Total Checkouts Full call number Barcode Date last seen Date last checked out Copy number Price effective from Koha item type
        Non-fiction City Campus Library City Campus Library General Stacks 09/14/2020 1 DT 1949 MAN 1995 024770 10/30/2024 10/14/2024 C-1 09/14/2020 Books